Revoluční mezníky v hudebních kulturách socialistických zemí (se zaměřením na revoluční tradice a prvky současné maďarské hudební kultury) ; Janáčkiana, 12 : sborník materiálů z muzikologické konference ..., 3.-5. června 1988 na státním zámku v Hradci nad Moravicí /

Korporativní autor: Hradec nad Moravicí (zámek)
Další autoři: Janáčkiana, Koukal, Petr, 1952-
Jazyk: Čeština
Vydáno: Ostrava : Krajské kulturní středisko, 1989
Fyzický popis: 76 s.
Knihy
Uloženo v:
LEADER 01048nam a2200229 a 4500
001 000609930
003 CZ BrMZK
005 20040517095558.0
007 ta
008 020710s1989 xr f cze d
040 |a BOA001  |b cze  |c BOA001 
080 |a 78(439)"19"(063)  |2 MRF 
111 2 |a Janáčkiana  |n (12. :  |d 1989 :  |c Hradec nad Moravicí, Česko)  |4 aut 
245 1 0 |a Revoluční mezníky v hudebních kulturách socialistických zemí (se zaměřením na revoluční tradice a prvky současné maďarské hudební kultury) ;  |b Janáčkiana, 12 : sborník materiálů z muzikologické konference ..., 3.-5. června 1988 na státním zámku v Hradci nad Moravicí /  |c red.: Petr Koukal 
260 |a Ostrava :  |b Krajské kulturní středisko,  |c 1989 
300 |a 76 s. 
700 1 |a Koukal, Petr,  |d 1952-  |7 xx0005420  |4 edt 
710 2 |a Hradec nad Moravicí (zámek)  |7 olak2004203645 
740 0 2 |a Janáčkiana, 12 
910 |a BOA001  |b 2-0942.395 
990 |a BK 
996 6 |b 2619338201  |c 2-0942.395  |l MZK  |r Sklad / do 1 hodiny  |n 1  |w 000609930  |u 000010  |a 1  |e BOA001  |j MZK50  |s P